000 00670cam a22001934a 4500
020 _a9780444517951
020 _a0444517952
082 0 0 _a512.9/7
100 1 _aPachpatte, B. G.
245 1 0 _aMathematical inequalities /
250 _a1st ed.
260 _aAmsterdam ;
_aBoston :
_bElsevier,
_c2005.
300 _axi, 591 p. ;
650 0 _aInequalities (Mathematics)
856 4 1 _uhttp://www.loc.gov/catdir/toc/fy0710/2004064941.html
856 4 2 _uhttp://www.loc.gov/catdir/enhancements/fy0660/2004064941-d.html
942 _cBK
999 _c30409
_d30409